မြတ်ဘုရားပွင့်တော်မူရာ ဗုဒ္ဓဂယာ / (Record no. 40934)

000 -LEADER
fixed length control field 01031nam a22001937a 4500
005 - DATE AND TIME OF LATEST TRANSACTION
control field 20241007134025.0
008 - FIXED-LENGTH DATA ELEMENTS--GENERAL INFORMATION
fixed length control field 240630b ||||| |||| 00| 0 eng d
040 ## - CATALOGING SOURCE
Transcribing agency SSBUL
041 ## - LANGUAGE CODE
Language code of text/sound track or separate title Myanmar
082 ## - DEWEY DECIMAL CLASSIFICATION NUMBER
Edition number 23
Classification number ၂၉၄.၃၀၉၅၄ အံ့
Item number ၉၁၉၂ S-SAT
100 0# - MAIN ENTRY--PERSONAL NAME
Personal name အံ့၊ မောင် (မဟာဝိဇ္ဇာ-ဘုံဘေ)
9 (RLIN) 16443
245 10 - TITLE STATEMENT
Title မြတ်ဘုရားပွင့်တော်မူရာ ဗုဒ္ဓဂယာ /
Statement of responsibility, etc. မောင်အံ့ (မဟာဝိဇ္ဇာ-ဘုံဘေ) ။
250 ## - EDITION STATEMENT
Edition statement သတ္တမအကြိမ်။
260 ## - PUBLICATION, DISTRIBUTION, ETC.
Place of publication, distribution, etc. ရန်ကုန် ၊
Name of publisher, distributor, etc. ကမ္ဘာအေးစာပုံနှိပ်တိုက်၊
-- သာသာနာရေးဦးစီးဌာန၊
Date of publication, distribution, etc. ၂၀၀၁။
300 ## - PHYSICAL DESCRIPTION
Extent ၁၇၄ စာမျက်နှာ ၊
Other physical details ဓါတ်ပုံ၊ မြေပုံ ၊
Dimensions ၂၁ စင်တီ။
500 ## - GENERAL NOTE
General note S-SAT: Dr. Sai Aung Tun
650 ## - SUBJECT ADDED ENTRY--TOPICAL TERM
Topical term or geographic name entry element ဗုဒ္ဓဂယာ
9 (RLIN) 7193
942 ## - ADDED ENTRY ELEMENTS (KOHA)
Source of classification or shelving scheme
Koha item type Book (Short term)
Holdings
Withdrawn status Lost status Source of classification or shelving scheme Damaged status Not for loan Collection code Permanent Location Current Location Shelving location Date acquired Total Checkouts Full call number Barcode Date last seen Price effective from Koha item type Accession
          Special Collections Shan State Buddhist University Library Shan State Buddhist University Library Special Collection Shelves 07/10/2024   ၂၉၄.၃၀၉၅၄ အံ့ ၉၁၉၂ S-SAT MB00009192 07/10/2024 07/10/2024 Book (Short term) ၉၁၉၂ S-SAT

Library - 09407999929
Admin Office - 09407999979
Dean Office - 09250910768
Registrar Office - 09892297154
Email - [email protected]
Shan State Buddhist University, Phaya Phyu Taunggyi, Shan State, Myanmar.